00641cam a2200205 a 4500001000800000005001700008008004100025020001700066040001800083082002200101100002500123245006800148260003900216300001600255650002500271650002600296942000600322952009400328999001300422114044320240301045255.0950112s1994 ii b 001 0 eng  a8122003869 : aDLCcDLCdDLC 222a322.42.bTIG.2 aNarayan Swamy, M. R.10aTigers of Lanka, from boys to guerrillas /cM.R. Narayan Swamy. aDelhi :bKonark Publishers,c1994. ax, 348 p. ; 0aTamil (Indic people) 0aSubversive activities cL 001040708LaWERCLbWERCLd2024-03-01l0o322.42. TIG.p3466r2024-03-01w2024-03-01yL c528d528